Noi ve phong tuc trong gia toc- Noi ve phong tuc huong dang-Noi ve phong tuc xa hoi
Kaydedildi:
| Baskı/Yayın Bilgisi: |
-HN :
nxb Van hoc,
2011.
|
|---|---|
| Konular: | |
| Etiketler: |
Etiketle
Etiket eklenmemiş, İlk siz ekleyin!
|
| Thư viện lưu trữ: | Mạng thư viện Đại học Đà Nẵng |
|---|
| LEADER | 00842cam a22003011a 4500 | ||
|---|---|---|---|
| 001 | 000041089 | ||
| 003 | 17385 | ||
| 005 | 20231004102839.0 | ||
| 008 | 160418s2011 000 vie | ||
| 082 | |a 390.09 |b PH-B | ||
| 260 | |a -HN : |b nxb Van hoc, |c 2011. | ||
| 300 | |a 19cm : |b 474tr;. | ||
| 520 | |a Noi ve phong tuc trong gia toc- Noi ve phong tuc huong dang-Noi ve phong tuc xa hoi | ||
| 650 | |a Khoa hoc xa hoi |b Phong tuc Viet Nam | ||
| 653 | |a Phong tuc VN,Viet nam phong tuc,Phan Ke Binh, | ||
| 700 | |a bien tap |b Ban bien tap | ||
| OWN | |a LNN | ||
| 902 | |a Tham khao TV | ||
| 999 | |a From the UDN01 | ||
| TYP | |a Monograph | ||
| TYP | |a Printed language | ||
| 980 | |a Mạng thư viện Đại học Đà Nẵng | ||